LIBRARY & INFORMATION CENTRE, KCAET, TAVANUR

ONLINE PUBLIC ACCESS CATALOGUE (OPAC)

Food Packaging: Principles and Practice (Record no. 15287)

MARC details
000 -LEADER
fixed length control field 00316nam a22001337a 4500
020 ## - INTERNATIONAL STANDARD BOOK NUMBER
ISBN 978-1-1386-2805-2
082 ## - DEWEY DECIMAL CLASSIFICATION NUMBER
Classification number 664.09
Item number ROB/FO
100 ## - MAIN ENTRY--AUTHOR NAME
Personal name Robertson, Gordon L.
245 ## - TITLE STATEMENT
Title Food Packaging: Principles and Practice
250 ## - EDITION STATEMENT
Edition statement 3
260 ## - PUBLICATION, DISTRIBUTION, ETC. (IMPRINT)
Place of publication India
Name of publisher CRC Press
Year of publication 2017
300 ## - PHYSICAL DESCRIPTION
Number of Pages 703
942 ## - ADDED ENTRY ELEMENTS (KOHA)
Koha item type Books
Holdings
Withdrawn status Lost status Damaged status Home library Current library Date acquired Cost, normal purchase price Full call number Accession Number Koha item type
      KAUAET KAUAET 27/02/2018 2700.00 664.09 ROB/FO 25463 Books
free website counter